Faktory ovplyvňujúce vznik koordinačných zlúčenín predom požadovanej štruktúry a špecifických vlastností. Čiastková úloha č. IV-3-1/01. Čiastková výsk. správa A-1986-1 : Kat. anorganickej chémie /

Salvato in:
Dettagli Bibliografici
Autore principale: Ondrejovič, Gregor (Autore)
Natura: Libro
Pubblicazione: Bratislava : SVŠT v Bratislave, 1986
Tags: Aggiungi Tag
Nessun Tag, puoi essere il primo ad aggiungerne!!

MARC

LEADER 00000nam a22000003a 4500
001 stu18736
005 20150617225751.8
008 ------s1986----cs----------------------d
040 |a STU  |b slo 
041 0
044 |a cs 
080 |a 546.02.001.5 
100 1 |a Ondrejovič, Gregor  |4 aut 
245 1 |a Faktory ovplyvňujúce vznik koordinačných zlúčenín predom požadovanej štruktúry a špecifických vlastností. Čiastková úloha č. IV-3-1/01. Čiastková výsk. správa A-1986-1 :  |b Kat. anorganickej chémie /  |c [aut.]Ondrejovič,Gregor 
260 |a Bratislava :  |b SVŠT v Bratislave,  |c 1986 
300 |a 67 s 
996 |b C77319  |c C*77319  |l CCI  |s A  |a 24  |w stu18736_0001